000 01080cam a2200301 a 4500
999 _c17214
_d17214
008 110711s2011 moua b 001 0 eng
010 _a 2011290145
020 _a9781416054399
020 _a1416054391
050 0 0 _aR728.8 .K493 2011
100 1 _aYoung-Adams, Alexandra Patricia.
245 1 0 _aKinn's The medical assistant :
_ban applied learning approach.
246 3 0 _aMedical assistant
250 _a11th ed. /
_bAlexandra Patricia Young-Adams, Deborah B. Proctor.
260 _aSt. Louis, Mo. :
_bElsevier, Saunders,
_cc2011.
300 _axx, 1356 p. :
_bcol. ill. ;
_c29 cm.
504 _aIncludes bibliographical references and index.
650 0 _aMedical assistants.
700 1 _aProctor, Deborah B.
700 1 _aKinn, Mary E.
942 _2lcc
_cBOOKS
_hR728.8 .K493 2011